000 00418nam a2200145 4500
001 117446
003 ES-MaACL
005 20230906190915.0
007 t|
008 070214s1973 sp r ||||1| spa d
100 1 _aPeraita González, Graciano.
_990350
245 1 0 _aPoemas de las tardes largas /
_cGraciano Peraita González.
260 _aBurgos :
_b[s.n.],
_c1973 (
_f21 cm)
852 _aES-MaACL
_jC-55488
_bR.87992
999 _c117446
_d117446